[Event "Novi Sad TS IM Mix 275th"]
[Site "Novi Sad"]
[Date "2022.06.16"]
[Round "6"]
[White "Orujov, Farid"]
[Black "Dimitrijevic, Nenad"]
[Result "1-0"]
[WhiteElo "2302"]
[BlackElo "2207"]
[PlyCount "69"]
[EventDate "2022.06.13"]
[EventType "tourn"]
[EventRounds "9"]
[EventCountry "SRB"]
[EventCategory "1"]
[SourceTitle "CBM 208 Extra"]
[Source "ChessBase"]
[SourceDate "2022.07.31"]
[SourceVersion "1"]
[SourceVersionDate "2022.07.31"]
[SourceQuality "1"]

1. e4 d5 2. exd5 Qxd5 3. Nc3 Qd6 4. d4 Nf6 5. Nb5 Qd8 6. Bf4 Nd5 7. Bg3 c6 8. Nc3 Nxc3 9. bxc3 Bf5 10. Bd3 Bxd3 11. Qxd3 e6 12. Nf3 Bd6 13. Ne5 0-0 14. 0-0 Qc7 15. Rab1 Nd7 16. Nxd7 Qxd7 17. Bxd6 Qxd6 18. Rxb7 Rfb8 19. Qa6 Rxb7 20. Qxb7 Rb8 21. Qxa7 Rb2 22. Ra1 h5 23. Qa8+ Kh7 24. Qa6 g6 25. h3 Rxc2 26. Qd3 Rb2 27. a4 Qf4 28. Qe3 Qxe3 29. fxe3 Kg7 30. a5 Rb7 31. a6 Ra7 32. Kf2 Kf6 33. Ke2 Ke7 34. Kd3 Kd7 35. Kc4 1-0

[Event "Novi Sad TS IM Mix 275th"]
[Site "Novi Sad"]
[Date "2022.06.15"]
[Round "4"]
[White "Dimitrijevic, Nenad"]
[Black "Aarav, Dengla"]
[Result "1-0"]
[WhiteElo "2207"]
[BlackElo "2109"]
[PlyCount "65"]
[EventDate "2022.06.13"]
[EventType "tourn"]
[EventRounds "9"]
[EventCountry "SRB"]
[EventCategory "1"]
[SourceTitle "CBM 208 Extra"]
[Source "ChessBase"]
[SourceDate "2022.07.31"]
[SourceVersion "1"]
[SourceVersionDate "2022.07.31"]
[SourceQuality "1"]

1. Nf3 d5 2. g3 Nf6 3. Bg2 e6 4. d3 b6 5. 0-0 Bb7 6. Nbd2 c5 7. e4 Be7 8. Re1 Nc6 9. e5 Nd7 10. Qe2 Qc7 11. c4 d4 12. h4 h6 13. h5 Nb4 14. Nf1 Rc8 15. a3 Nc6 16. Bf4 a6 17. N1h2 Na5 18. Rab1 b5 19. b4 cxb4 20. axb4 Nc6 21. Rec1 Qd8 22. Nd2 0-0 23. Ng4 Kh8 24. c5 a5 25. bxa5 Ba6 26. Ne4 Nxa5 27. Qd2 Nxc5 28. Bxh6 Rg8 29. Nxc5 Rxc5 30. Rxc5 Bxc5 31. Bg5 Qc7 32. Bf6 Kh7 33. Be4+ 1-0

[Event "Novi Sad Dani Petrovec"]
[Site "Novi Sad"]
[Date "2022.05.06"]
[Round "6"]
[White "Drazic, Sinisa"]
[Black "Dimitrijevic, Nenad"]
[Result "1/2-1/2"]
[WhiteElo "2327"]
[BlackElo "2220"]
[PlyCount "34"]
[EventDate "2022.05.03"]
[EventType "tourn"]
[EventRounds "9"]
[EventCountry "SRB"]
[SourceTitle "CBM 208 Extra"]
[Source "ChessBase"]
[SourceDate "2022.07.31"]
[SourceVersion "1"]
[SourceVersionDate "2022.07.31"]
[SourceQuality "1"]

1. d4 d5 2. c4 c6 3. Nf3 Nf6 4. Bg5 Ne4 5. Bf4 dxc4 6. Qc2 Nd6 7. e4 Bg4 8. Ne5 Be6 9. Be3 Nd7 10. Nxc4 Bxc4 11. Bxc4 Nxc4 12. Qxc4 e5 13. Nc3 Nb6 14. Qd3 exd4 15. Qxd4 Qxd4 16. Bxd4 f6 17. Ke2 Be7 1/2-1/2

[Event "SRB-chT 1st League CS"]
[Site "Bajina Basta"]
[Date "2021.09.29"]
[Round "5.6"]
[White "Dimitrijevic, Nenad"]
[Black "Isailovic, Goran"]
[Result "1-0"]
[WhiteElo "2168"]
[BlackElo "2194"]
[PlyCount "75"]
[EventDate "2021.09.26"]
[EventType "team-tourn"]
[EventRounds "11"]
[EventCountry "SRB"]
[SourceTitle "EXT 2023"]
[Source "ChessBase"]
[SourceDate "2022.10.05"]
[SourceVersion "1"]
[SourceVersionDate "2022.10.05"]
[SourceQuality "1"]
[WhiteTeam "Paracin OSK"]
[BlackTeam "Krupanj"]
[WhiteTeamCountry "SRB"]
[BlackTeamCountry "SRB"]

1. e4 e5 2. Nf3 Nc6 3. Bb5 a6 4. Bxc6 dxc6 5. d3 Bd6 6. h3 Ne7 7. Nbd2 Ng6 8. Nc4 0-0 9. Bg5 f6 10. Be3 Be6 11. Qe2 Qd7 12. h4 b5 13. Nxd6 cxd6 14. h5 Ne7 15. h6 g6 16. 0-0-0 c5 17. Kb1 Nc6 18. c3 Qf7 19. b3 Bg4 20. d4 f5 21. Rh4 exd4 22. cxd4 Qe7 23. Rxg4 fxg4 24. Ng5 cxd4 25. Bc1 Ne5 26. Rxd4 Rac8 27. Be3 Rc6 28. f4 gxf3 29. gxf3 Rfc8 30. f4 Qc7 31. Qd1 Nf7 32. Nxf7 Qxf7 33. Rxd6 Rxd6 34. Qxd6 Re8 35. Qd4 Qb7 36. e5 Qh1+ 37. Kb2 Qc6 38. Qa7 1-0

[Event "SRB-chT 1st League CS"]
[Site "Bajina Basta"]
[Date "2021.09.28"]
[Round "4.6"]
[White "Spasic, Petar"]
[Black "Dimitrijevic, Nenad"]
[Result "1/2-1/2"]
[WhiteElo "2308"]
[BlackElo "2168"]
[PlyCount "86"]
[EventDate "2021.09.26"]
[EventType "team-tourn"]
[EventRounds "11"]
[EventCountry "SRB"]
[SourceTitle "EXT 2023"]
[Source "ChessBase"]
[SourceDate "2022.10.05"]
[SourceVersion "1"]
[SourceVersionDate "2022.10.05"]
[SourceQuality "1"]
[WhiteTeam "Kostolac Rudar"]
[BlackTeam "Paracin OSK"]
[WhiteTeamCountry "SRB"]
[BlackTeamCountry "SRB"]

1. Nf3 Nf6 2. g3 g6 3. b3 Bg7 4. Bb2 0-0 5. Bg2 d5 6. c4 c6 7. 0-0 Nbd7 8. d3 Ne8 9. Bxg7 Nxg7 10. cxd5 cxd5 11. Nc3 Nf6 12. Qd2 Bg4 13. Ne5 Be6 14. d4 Rc8 15. Rfc1 Qd6 16. e3 Bd7 17. Nxd7 Qxd7 18. Na4 Rxc1+ 19. Rxc1 Rc8 20. Nc5 Qb5 21. Bf1 Qc6 22. Qb4 Nf5 23. Qa3 a6 24. Bh3 Qd6 25. Bxf5 gxf5 26. Qb2 Rc7 27. f3 e6 28. Rc2 Qc6 29. Rc3 Qb5 30. Ne4 Rxc3 31. Nxf6+ Kg7 32. Nh5+ Kh6 33. Qxc3 Kxh5 34. Kf2 Kg6 35. a4 Qd7 36. h4 Kg7 37. Qc5 h6 38. Ke2 b5 39. a5 Qd8 40. Qb6 Qc8 41. Kd2 Kf6 42. Qd6 Kg7 43. h5 Kg8 1/2-1/2

[Event "Novi Sad Put Svile Schev 3rd"]
[Site "Novi Sad"]
[Date "2021.08.03"]
[Round "5.1"]
[White "Dimitrijevic, Nenad"]
[Black "Singh, Myra"]
[Result "1-0"]
[WhiteElo "2186"]
[BlackElo "1362"]
[PlyCount "79"]
[EventDate "2021.08.01"]
[EventType "schev"]
[EventRounds "9"]
[EventCountry "SRB"]
[SourceTitle "EXT 2022"]
[Source "ChessBase"]
[SourceDate "2021.10.06"]
[SourceVersion "1"]
[SourceVersionDate "2021.10.06"]
[SourceQuality "1"]
[WhiteTeam "Team A"]
[BlackTeam "Team B"]
[WhiteTeamCountry "SRB"]
[BlackTeamCountry "SRB"]

1. e4 e5 2. Nf3 Nc6 3. Bb5 d6 4. 0-0 Bd7 5. Re1 Be7 6. c4 Nf6 7. Nc3 0-0 8. d4 a6 9. Bxc6 Bxc6 10. dxe5 dxe5 11. Qxd8 Raxd8 12. Nd5 Bxd5 13. cxd5 Rfe8 14. Bg5 h6 15. Bxf6 Bxf6 16. Rac1 Rd7 17. g3 Rc8 18. Rc4 Rd6 19. Rec1 Rb6 20. Rxc7 Rxc7 21. Rxc7 g5 22. b3 Kg7 23. g4 Rb4 24. Rc4 Rb6 25. Kf1 Kg6 26. Nd2 Bg7 27. Ke2 f6 28. Rc7 Rb4 29. f3 Bf8 30. Nc4 h5 31. Rc8 Kf7 32. Rc7+ Ke8 33. gxh5 a5 34. d6 b5 35. Rc8+ Kf7 36. d7 Be7 37. h6 Kg6 38. Ne3 Kh7 39. Re8 Bd8 40. Rxd8 1-0

[Event "SRB-chT 1st League"]
[Site "Bajina Basta"]
[Date "2020.10.12"]
[Round "3.5"]
[White "Dimitrijevic, Nenad"]
[Black "Djakovac, Enes"]
[Result "1-0"]
[WhiteElo "2142"]
[BlackElo "2165"]
[PlyCount "85"]
[EventDate "2020.10.10"]
[EventType "team-tourn"]
[EventRounds "11"]
[EventCountry "SRB"]
[SourceTitle "CBM 198 Extra"]
[Source "ChessBase"]
[SourceDate "2020.11.30"]
[SourceVersion "1"]
[SourceVersionDate "2020.11.30"]
[SourceQuality "1"]
[WhiteTeam "Paracin"]
[BlackTeam "Kraljevo Sloga"]
[WhiteTeamCountry "SRB"]
[BlackTeamCountry "SRB"]

1. d4 Nf6 2. Nf3 e6 3. Bf4 d5 4. e3 Be7 5. Nbd2 0-0 6. Bd3 Nbd7 7. 0-0 Nh5 8. Ne5 Nxf4 9. exf4 c5 10. Nxd7 Bxd7 11. dxc5 Bxc5 12. c3 Qf6 13. g3 e5 14. Qh5 e4 15. Nxe4 dxe4 16. Bxe4 Bxf2+ 17. Rxf2 g6 18. Qf3 Bc6 19. Bxc6 bxc6 20. Rd1 Rad8 21. Rxd8 Rxd8 22. f5 Kg7 23. fxg6 Qxf3 24. Rxf3 hxg6 25. Kg2 Rd5 26. Rf2 a5 27. Kf3 a4 28. Ke3 a3 29. bxa3 Ra5 30. Kd4 Rxa3 31. Kc4 Ra5 32. Kb4 Rb5+ 33. Ka4 Rc5 34. Rc2 f5 35. c4 Kf6 36. Kb4 Re5 37. a4 g5 38. a5 f4 39. gxf4 gxf4 40. a6 Kf5 41. a7 Re8 42. Kc5 Ra8 43. Kb6 1-0

[Event "Paracin Amateur op"]
[Site "Paracin"]
[Date "2020.02.01"]
[Round "2"]
[White "Micanovic, Zoran"]
[Black "Dimitrijevic, Nenad"]
[Result "0-1"]
[WhiteElo "1826"]
[BlackElo "2177"]
[PlyCount "113"]
[EventDate "2020.01.31"]
[EventType "swiss"]
[EventRounds "9"]
[EventCountry "SRB"]
[SourceTitle "CBM 194 Extra"]
[Source "ChessBase"]
[SourceDate "2020.03.31"]
[SourceVersion "1"]
[SourceVersionDate "2020.03.31"]
[SourceQuality "1"]

1. e4 d5 2. exd5 Qxd5 3. Nf3 Bg4 4. Be2 Nc6 5. Nc3 Qd7 6. d3 e5 7. h3 Bf5 8. Be3 0-0-0 9. Nd2 Nd4 10. Bf3 Ne7 11. Bxd4 exd4 12. Nce4 Nd5 13. 0-0 Bxe4 14. dxe4 Nf4 15. Bg4 Ne6 16. Nc4 Kb8 17. Qf3 Qb5 18. Bxe6 fxe6 19. b3 Bb4 20. Qg3 g5 21. Rad1 Rhf8 22. Qe5 Qxe5 23. Nxe5 c5 24. Rd3 Rf4 25. f3 Ba5 26. g3 Rff8 27. Kg2 Bc7 28. Ng4 h5 29. Nf2 b5 30. c4 dxc3 31. Rxc3 Bb6 32. Rc2 Rd4 33. Rd1 Rxd1 34. Nxd1 Rd8 35. Nc3 a6 36. Ne2 Rd3 37. f4 g4 38. hxg4 hxg4 39. Nc1 Re3 40. e5 Kb7 41. Ne2 Rd3 42. Nc3 Re3 43. Nd1 Re1 44. Nf2 Kc6 45. Nxg4 Kd5 46. Nf6+ Kd4 47. Kf2 Rd1 48. Ke2 Rg1 49. Rd2+ Kc3 50. Rd6 Ba5 51. Rxa6 Rg2+ 52. Kf3 Rxa2 53. f5 Kxb3 54. Ne4 exf5 55. Nxc5+ Kb4 56. Nb7 Ra3+ 57. Kf4 0-1

[Event "Paracin-Dubai"]
[Site "Paracin"]
[Date "2020.01.07"]
[Round "8.2"]
[White "Dimitrijevic, Nenad"]
[Black "Ammar, Sedrani"]
[Result "1/2-1/2"]
[WhiteElo "2177"]
[BlackElo "2128"]
[PlyCount "28"]
[EventDate "2020.01.03"]
[EventType "team-schev"]
[EventRounds "8"]
[EventCountry "SRB"]
[SourceTitle "CBM 194 Extra"]
[Source "ChessBase"]
[SourceDate "2020.03.31"]
[SourceVersion "1"]
[SourceVersionDate "2020.03.31"]
[SourceQuality "1"]
[WhiteTeam "Paracin"]
[BlackTeam "World"]
[WhiteTeamCountry "SRB"]

1. e4 c6 2. d4 d5 3. Nc3 dxe4 4. Nxe4 Nf6 5. Nxf6+ exf6 6. Bc4 Qe7+ 7. Qe2 Be6 8. Bb3 Nd7 9. Nf3 Bxb3 10. axb3 Qxe2+ 11. Kxe2 Bd6 12. Re1 0-0 13. Kf1 a6 14. Bd2 Rfe8 1/2-1/2

[Event "Paracin Summer op-A 12th"]
[Site "Paracin"]
[Date "2019.07.09"]
[Round "5"]
[White "Dedebas, Emre Emin"]
[Black "Dimitrijevic, Nenad"]
[Result "1/2-1/2"]
[WhiteElo "2301"]
[BlackElo "2150"]
[PlyCount "65"]
[EventDate "2019.07.05"]
[EventType "swiss"]
[EventRounds "9"]
[EventCountry "SRB"]
[SourceTitle "CBM 191 Extra"]
[Source "ChessBase"]
[SourceDate "2019.09.30"]
[SourceVersion "1"]
[SourceVersionDate "2019.09.30"]
[SourceQuality "1"]

1. d4 e6 2. c4 Bb4+ 3. Bd2 a5 4. Nf3 Nf6 5. g3 b6 6. Bg2 Bb7 7. 0-0 0-0 8. Bf4 Be7 9. Qc2 Be4 10. Qc1 Qc8 11. Nc3 Bb7 12. Qc2 d6 13. e4 Nc6 14. Rfe1 Re8 15. Rad1 Nh5 16. Be3 e5 17. Nd5 exd4 18. Nxd4 Nxd4 19. Bxd4 Bxd5 20. cxd5 Bf6 21. Be3 Qd7 22. Bf3 g6 23. Bxh5 gxh5 24. Bd4 Be5 25. Bxe5 Rxe5 26. Rc1 Rae8 27. Qxc7 Qxc7 28. Rxc7 Rxd5 29. Rcc1 Rde5 30. Red1 Rxe4 31. Rxd6 R8e6 32. Rd5 R4e5 33. Rcd1 1/2-1/2

[Event "Paracin Summer op-A 12th"]
[Site "Paracin"]
[Date "2019.07.06"]
[Round "3"]
[White "O'Donnell, Conor"]
[Black "Dimitrijevic, Nenad"]
[Result "0-1"]
[WhiteElo "2341"]
[BlackElo "2150"]
[PlyCount "72"]
[EventDate "2019.07.05"]
[EventType "swiss"]
[EventRounds "9"]
[EventCountry "SRB"]
[SourceTitle "EXT 2020"]
[Source "ChessBase"]
[SourceDate "2019.10.17"]
[SourceVersion "1"]
[SourceVersionDate "2019.10.17"]
[SourceQuality "1"]

1. c4 e6 2. g3 f5 3. Bg2 Nf6 4. Nf3 Be7 5. 0-0 0-0 6. d3 d6 7. Nc3 e5 8. Rb1 a5 9. a3 c6 10. b4 axb4 11. axb4 Qe8 12. e3 Kh8 13. b5 c5 14. Nd2 Bd8 15. Nb3 Nbd7 16. f4 Nb6 17. e4 fxe4 18. fxe5 Bg4 19. Qe1 Qxe5 20. Nxe4 Ra2 21. Bf4 Qh5 22. Bxd6 Re8 23. Rf2 Re2 24. Rxe2 Bxe2 25. Qd2 Nxc4 26. dxc4 Nxe4 27. Bxe4 Rxe4 28. Bxc5 Bg5 29. Qd6 Bxc4 30. Bd4 Qe8 31. Bf2 Re2 32. Qd4 Bxb5 33. h4 Bf6 34. Qg4 Bc6 35. Rf1 h6 36. Nd4 Re4 0-1

[Event "Paracin Orbis op "]
[Site "Paracin"]
[Date "2019.04.24"]
[Round "7"]
[White "Lajthajm, Borko"]
[Black "Dimitrijevic, Nenad"]
[Result "1-0"]
[WhiteElo "2419"]
[BlackElo "2173"]
[PlyCount "65"]
[EventDate "2019.04.20"]
[EventType "swiss"]
[EventRounds "9"]
[EventCountry "SRB"]
[SourceTitle "CBM 190 Extra"]
[Source "ChessBase"]
[SourceDate "2019.07.15"]
[SourceVersion "1"]
[SourceVersionDate "2019.07.15"]
[SourceQuality "1"]

1. e4 c5 2. c3 d5 3. exd5 Qxd5 4. Nf3 Nf6 5. Na3 a6 6. Nc4 Qd8 7. a4 Nc6 8. a5 Bg4 9. Be2 e6 10. Qa4 Qc7 11. h3 Bh5 12. d3 Be7 13. g4 Bg6 14. Nfe5 0-0 15. Bf4 Nxe5 16. Bxe5 Qd8 17. h4 Nd7 18. Bg3 h6 19. Qb3 e5 20. Qxb7 f6 21. Bf3 Rb8 22. Qxa6 Bxd3 23. Rd1 e4 24. Bxb8 Nxb8 25. Qe6+ Kh8 26. Bxe4 Bxc4 27. Qxc4 Qxa5 28. Qe6 Qc7 29. Qf5 Kg8 30. Qh7+ Kf7 31. Bg6+ Ke6 32. Qxg7 Nc6 33. Bf5+ 1-0